|
|
|
|
| LEADER |
00764nab a2200181 i 4500 |
| 001 |
misc73448 |
| 005 |
20241018114705.0 |
| 008 |
241018s1953 hu o 000 eng d |
| 040 |
|
|
|a SZTE Miscellanea Repozitórium
|b hun
|
| 041 |
|
|
|a eng
|
| 100 |
1 |
|
|a Mihályi E.
|
| 245 |
1 |
0 |
|a Trypsin digestion of muscle proteins III.
|h [elektronikus dokumentum] :
|b adenosinetriphosphatase activity and actin-binding capacity of the digested myosin /
|c Mihályi E.
|
| 260 |
|
|
|a Waverley Press
|b Baltimore
|c 1953-03
|
| 300 |
|
|
|a 211-219
|
| 490 |
0 |
|
|a Journal of Biological Chemistry
|v 201 No. 1
|
| 561 |
|
|
|a Szent-Györgyi Albert munkatársainak publikációi
|
| 700 |
0 |
2 |
|a Szent-Györgyi Andrew G.
|e aut
|
| 856 |
4 |
0 |
|u http://misc.bibl.u-szeged.hu/73448/1/szgya_amerikai_057.pdf
|z Dokumentum-elérés
|